Colombia : (Registro nro. 15333)

Detalles MARC
000 -LEADER
fixed length control field 01444nam a22003017a 4500
003 - CONTROL NUMBER IDENTIFIER
control field OSt
005 - DATE AND TIME OF LATEST TRANSACTION
control field 20210311102025.0
008 - FIXED-LENGTH DATA ELEMENTS--GENERAL INFORMATION
fixed length control field 210311s2015 ck ao||gr|||| 00| 0 spa d
020 ## - INTERNATIONAL STANDARD BOOK NUMBER
International Standard Book Number 9789589550427
Qualifying information (obra completa)
020 ## - INTERNATIONAL STANDARD BOOK NUMBER
International Standard Book Number 9789589916971
040 ## - CATALOGING SOURCE
Original cataloging agency CO-JMCR
Transcribing agency CO-JMCR
041 0# - LANGUAGE CODE
Language code of text/sound track or separate title spa
082 04 - DEWEY DECIMAL CLASSIFICATION NUMBER
Classification number 578 /
Item number R621c
Edition number 23
100 1# - MAIN ENTRY--PERSONAL NAME
Personal name Rivera Ospina, David,
Relator term autor
9 (RLIN) 35923
245 10 - TITLE STATEMENT
Title Colombia :
Remainder of title naturaleza y riesgo /
Statement of responsibility, etc. textos, David Rivera Ospina ; fotografía, Angélica Montes Arango, Diego Miguel Garcés Guerrero, Alfonso Quevedo Gil [y otros 12]
260 ## - PUBLICATION, DISTRIBUTION, ETC.
Place of publication, distribution, etc. Cali :
Name of publisher, distributor, etc. Banco de Occidente,
Date of publication, distribution, etc. impresión 2015
300 ## - PHYSICAL DESCRIPTION
Extent 207 páginas :
Other physical details ilustraciones y fotografías a color ;
Dimensions 33 cm.
500 ## - GENERAL NOTE
General note Incluye glosario.
504 ## - BIBLIOGRAPHY, ETC. NOTE
Bibliography, etc. note Bibliografía: páginas 205-207
505 0# - FORMATTED CONTENTS NOTE
Formatted contents note La extinción, una amenaza global -- Extinción en los ecosistemas terrestres de Colombia -- Extinción en los ecosistemas de agua dulce de Colombia -- Extinción en los ecosistemas marinos y costeros de Colombia -- Causas de la extinción en Colombia
650 14 - SUBJECT ADDED ENTRY--TOPICAL TERM
Topical term or geographic name entry element Extinción (Biología)
General subdivision fotografías
Geographic subdivision Colombia
9 (RLIN) 35924
650 24 - SUBJECT ADDED ENTRY--TOPICAL TERM
Topical term or geographic name entry element Fotografías
Geographic subdivision Colombia
9 (RLIN) 35925
651 #4 - SUBJECT ADDED ENTRY--GEOGRAPHIC NAME
Geographic name Colombia
Form subdivision fotografías
General subdivision aspectos ambientales
9 (RLIN) 35926
700 1# - ADDED ENTRY--PERSONAL NAME
Personal name Montes Arango, Angélica,
Relator term fotógrafa
9 (RLIN) 35927
700 1# - ADDED ENTRY--PERSONAL NAME
Personal name Garcés Guerrero, Diego Miguel,
Relator term fotógrafo
9 (RLIN) 35928
700 1# - ADDED ENTRY--PERSONAL NAME
Personal name Quevedo Gil, Alfonso,
Relator term fotógrafo
9 (RLIN) 35929
942 ## - ADDED ENTRY ELEMENTS (KOHA)
Source of classification or shelving scheme Dewey Decimal Classification
Koha item type Books
Existencias
Withdrawn status Lost status Source of classification or shelving scheme Damaged status Not for loan Collection code Home library Current library Date acquired Source of acquisition Total Checkouts Full call number Barcode Date last seen Date last checked out Copy number Price effective from Koha item type
    Dewey Decimal Classification     Non-fiction Biblioteca Pública José María del Castillo y Rada Biblioteca Pública José María del Castillo y Rada 10/02/2020 Donación 4 578 / R621c 201810795 05/16/2024 04/15/2024 Ej.1 03/11/2021 Books